<?xml version="1.0" encoding="UTF-8"?>
<marc:record xmlns:marc="http://www.loc.gov/MARC21/slim">
   <marc:leader>00000nam a2200000 a 4500</marc:leader>
   <marc:datafield ind1="1" ind2=" " tag="100">
      <marc:subfield code="a">Nowatzyk, Nora</marc:subfield>
   </marc:datafield>
   <marc:datafield ind1="0" ind2="0" tag="245">
      <marc:subfield code="a">Mein Wimmelbild-Spiel</marc:subfield>
   </marc:datafield>
   <marc:datafield ind1="0" ind2="0" tag="245">
      <marc:subfield code="c">; Nowatzyk, Nora</marc:subfield>
   </marc:datafield>
   <marc:datafield ind1=" " ind2="1" tag="264">
      <marc:subfield code="a">Ravensburg</marc:subfield>
      <marc:subfield code="b">Ravensburger</marc:subfield>
      <marc:subfield code="c">2020</marc:subfield>
   </marc:datafield>
   <marc:datafield ind1="1" ind2=" " tag="520">
      <marc:subfield code="a">Suchen, zählen, Tiere füttern! Gemeinsam begleiten die Kinder Paula durch den Wildpark und helfen ihr bei vielen spannenden Aktionen. Wie im Wimmelbuch gibt es dabei auf dem Spielplan immer neue liebenswerte Details zu entdecken. Die fünf Teile können flexibel kombiniert werden, gleichzeitig steigern sich Schwierigkeitsgrad und Spieldauer. Vielfältige Aktionen fördern umfassend Sprache, Beobachtung, erstes Zählen und die Einhaltung von Regeln.&#xD;
Spieleanleitung in DE.</marc:subfield>
   </marc:datafield>
   <marc:datafield ind1="3" ind2=" " tag="024">
      <marc:subfield code="a">4005556041756</marc:subfield>
   </marc:datafield>
   <marc:datafield ind1=" " ind2=" " tag="041">
      <marc:subfield code="a">ger</marc:subfield>
   </marc:datafield>
   <marc:datafield ind1="1" ind2=" " tag="521">
      <marc:subfield code="a">2+</marc:subfield>
   </marc:datafield>
   <marc:datafield ind1=" " ind2=" " tag="300">
      <marc:subfield code="a">Spielanleitung, 5 Spielplan-Tafel, 18 Lupen-Kärtchen, 10 Futter-Kärtchen, 10 Futter-Chips, 3 Blumen-Chips, 1 Blumenkorb, 1Aktionsleiste (2 Teile), 1 Spielfigur mit Aufsteller, 1 Holzwürfel</marc:subfield>
   </marc:datafield>
</marc:record>
